Web-based visualisation and control of traffic simulation
Salvato in:
| Autore principale: | |
|---|---|
| Altri autori: | |
| Natura: | Manoscritto Libro |
| Lingua: | slovacco inglese |
| Pubblicazione: |
2023
|
| Soggetti: | |
| Accesso online: | http://is.stuba.sk/zp/portal_zp.pl?podrobnosti=155004 |
| Tags: |
Nessun Tag, puoi essere il primo ad aggiungerne!!
|
MARC
| LEADER | 00000ntm a22000003a 4500 | ||
|---|---|---|---|
| 001 | stuzp92435 | ||
| 003 | SK-STU | ||
| 005 | 20230909213146.9 | ||
| 007 | ta | ||
| 008 | 150427s2015----xo-----f-mn---000-0-slo-d | ||
| 040 | |a STU |b slo | ||
| 041 | 0 | |a eng | |
| 100 | 1 | |a Kapusta, Jerguš |u 070400 |4 aut |U FIIT Fakulta informatiky a informačných technológií |T FIIT Ústav počítačového inžinierstva a aplikovanej informatiky |X 102980 |U I400 |Y 672 |7 102980 | |
| 242 | 0 | 1 | |a Vizualizácia a riadenie simulácie dopravy na web |y slo |
| 245 | 1 | 0 | |a Web-based visualisation and control of traffic simulation |
| 260 | |c 2023 | ||
| 650 | 4 | |a Webová aplikácia |2 slo | |
| 650 | 4 | |a Simulácia dopravy |2 slo | |
| 650 | 4 | |a Inteligentné mestá |2 slo | |
| 650 | 4 | |a Web application |2 eng | |
| 650 | 4 | |a Traffic simulation |2 eng | |
| 650 | 4 | |a Smart cities |2 eng | |
| 700 | 1 | |a Trúchly, Peter |u 070400 |k Z1 |4 ths |U FIIT Fakulta informatiky a informačných technológií |T FIIT Ústav počítačového inžinierstva a aplikovanej informatiky |X 1917 |U I400 |Y 672 |7 1917 | |
| 856 | 4 | |u http://is.stuba.sk/zp/portal_zp.pl?podrobnosti=155004 | |